The Land Registration (Scotland) Act 1979 (Commencement No.8) Order 1994 (Record no. 94200)

MARC details
000 -LEADER
fixed length control field 00838cad a22002295a 4500
008 - FIXED-LENGTH DATA ELEMENTS--GENERAL INFORMATION
fixed length control field 100811s1994 xxk l f
020 ## - INTERNATIONAL STANDARD BOOK NUMBER
International Standard Book Number 0110455886
035 ## - SYSTEM CONTROL NUMBER
System control number (Sirsi) u60173
041 ## - LANGUAGE CODE
Language code of text/sound track or separate title eng
110 2# - MAIN ENTRY--CORPORATE NAME
Corporate name or jurisdiction name as entry element United Kingdom
Form subheading Laws, etc.
9 (RLIN) 5044
245 04 - TITLE STATEMENT
Title The Land Registration (Scotland) Act 1979 (Commencement No.8) Order 1994
Medium [electronic resource]
260 ## - PUBLICATION, DISTRIBUTION, ETC.
Place of publication, distribution, etc. London
Name of publisher, distributor, etc. HMSO
Date of publication, distribution, etc. 1994
350 ## - PRICE (NR) (BK AM CF MU VM SE) [OBSOLETE]
Price 0.65
490 ## - SERIES STATEMENT
Series statement SI
Volume/sequential designation 1994:2588
520 ## - SUMMARY, ETC.
Summary, etc. Made 29 September 1994.
650 ## - SUBJECT ADDED ENTRY--TOPICAL TERM
Topical term or geographic name entry element LAND REGISTRATION (SCOTLAND) ACT 1979
651 #4 - SUBJECT ADDED ENTRY--GEOGRAPHIC NAME
Geographic name Scotland
690 ## - LOCAL SUBJECT ADDED ENTRY--TOPICAL TERM (OCLC, RLIN)
Topical term or geographic name as entry element PROPERTY-PROPERTY ACQUISITION AND DISPOSAL-REGISTRATION OF TITLE TO PROPERTY-LAND REGISTRATION
856 48 - ELECTRONIC LOCATION AND ACCESS
Uniform Resource Identifier <a href="https://www.legislation.gov.uk/uksi/1994/2588/contents/made">https://www.legislation.gov.uk/uksi/1994/2588/contents/made</a>
Public note View the SI free of charge at www.legislation.gov.uk
942 ## - ADDED ENTRY ELEMENTS (KOHA)
Suppress in OPAC 0
948 ## - LOCAL PROCESSING INFORMATION (OCLC); SERIES PART DESIGNATOR (RLIN)
c (OCLC) 04/03/1997
Holdings
Withdrawn status Lost status Source of classification or shelving scheme Damaged status Not for loan Home library Current library Shelving location Date acquired Cost, normal purchase price Total Checkouts Full call number Barcode Date last seen Copy number Cost, replacement price Price effective from Koha item type
    Dewey Decimal Classification     Virtual Virtual Online 18/10/1994 0.65   ONLINE PUBLICATION 60173-3001 06/08/2019 1 0.65 06/08/2019 Book